Statistiken für Alle Pflanzen-Pokemon (Gen 1)

Klicken Sie hier um das Quiz zu spielen!

Allgemein

  • Dieses Quiz wurde 153 mal gespielt
  • Das Durchschnittsergebnis liegt bei 10 aus 14

Antwortstatistiken

HintAntwort% Korrekt
#001Bisasam
100%
#003Bisaflor
98%
#002Bisaknosp
98%
#044Duflor
84%
#043Myrapla
83%
#045Giflor
82%
#069Knofensa
82%
#071Sarzenia
79%
#070Ultrigaria
75%
#114Tangela
59%
#103Kokowei
54%
#102Owei
54%
#046Paras
48%
#047Parasek
48%

Verteilung der Resultate

Perzentil nach korrekt beantworteten Fragen

Anzahl Personen mit jedem Resultat

Ihre Resultats-Entwicklung

Sie haben dieses Quiz noch nicht gespielt